Geography Quiz

Random Geography or City Quiz

Rubber Duck Project Quiz Stats

 Plays Quiz not verified by Sporcle

Challenge
Share
Tweet
Score 0/12 Timer 10:00
0 Plays Today
% Correct
Hong Kong, China
56.3%
Baku, Azerbaijan
37.5%
Hasselt, Belgium
37.5%
Beijing, China
37.5%
Auckland, New Zealand
34.4%
Osaka, Japan
31.3%
Pittsburgh, USA
31.3%
Sydney, Australia
31.3%
Sao Paulo, Brazil
28.1%
Onomichi, Japan
15.6%
Saint Nazaire, France
15.6%
Kaohsiung, Taiwan
12.5%

You're not logged in!

Compare scores with friends on all Sporcle quizzes.
Join for Free
OR
Log In

You Might Also Like...

Show Comments

Extras

Top Quizzes Today


Score Distribution

Your Account Isn't Verified!

In order to create a playlist on Sporcle, you need to verify the email address you used during registration. Go to your Sporcle Settings to finish the process.

Report this User

Report this user for behavior that violates our Community Guidelines.

Details: